Systém sociálneho zabezpečenia vo Švajčiarsku

Trojpilierové sociálne zabezpečenie vo Švajčiarsku. Dávky dôchodkového a pozostalostného poistenia. Individuálne poistenie vo Švajčiarsku.

Saved in:
Bibliographic Details
Main Author: Novotná, Eleonóra
Other Authors: Kasanická, Kornélia
Format: Book Chapter
Language:Slovak
Subjects:
Tags: Add Tag
No Tags, Be the first to tag this record!

MARC

LEADER 00000naa a2200000 4500
001 r043784
005 20230807085225.7
041 0 |a slo 
044 |a SK 
245 1 0 |a Systém sociálneho zabezpečenia vo Švajčiarsku  |c Eleonóra Novotná, Kornélia Kasanická 
520 |a Trojpilierové sociálne zabezpečenie vo Švajčiarsku. Dávky dôchodkového a pozostalostného poistenia. Individuálne poistenie vo Švajčiarsku. 
610 2 0 |a zabezpečenie sociálne 
610 2 0 |a starostlivosť sociálna 
610 2 0 |a Švajčiarsko 
610 2 0 |a dôchodky 
610 2 0 |a nemocenské 
100 1 |a Novotná, Eleonóra 
700 1 |a Kasanická, Kornélia